Click Which UK Country Quiz Stats

 Plays Quiz Updated Jul 2, 2017

Support Sporcle.
Go Orange.
Score 0/24 Timer 06:00
2 Plays Today
% Correct
England
89.5%
Scotland
88.8%
Northern Ireland
87.7%
England
85.8%
England
85.1%
England
84.1%
England
83.9%
Wales
83.6%
Wales
81.5%
Scotland
81.3%
Northern Ireland
79.7%
Northern Ireland
79.7%
% Correct
Scotland
79.2%
Wales
76.3%
Wales
72.5%
Scotland
72.5%
Northern Ireland
64.4%
Northern Ireland
58.4%
Wales
57.8%
Scotland
57%
Scotland
55.1%
Wales
52.4%
Northern Ireland
41.8%
England
19.7%

You're not logged in!

Compare scores with friends on all Sporcle quizzes.
OR
Log In
Forgot?

From the Vault

Six Letter Names (Men) Blitz

by Flick

You can really make a name for yourself by getting these all correct in less than 90 seconds.
Remove Ads.
Support Sporcle.
Get the best of Sporcle when you Go Orange. This ad-free experience offers more features, more stats, and more fun while also helping to support Sporcle. Thank you for becoming a member.

Show Comments

Extras

Top Quizzes Today


Score Distribution

Your Account Isn't Verified!

In order to create a playlist on Sporcle, you need to verify the email address you used during registration. Go to your Sporcle Settings to finish the process.

Report this User

Report this user for behavior that violates our Community Guidelines.

Details: